| 000 | 00499nam a2200169Ia 4500 | ||
|---|---|---|---|
| 999 |
_c12097 _d12097 |
||
| 003 | OSt | ||
| 005 | 20201001134354.0 | ||
| 008 | 190216s9999||||xx |||||||||||||| ||und|| | ||
| 040 | _coclc | ||
| 082 |
_a823.8 _bHAG/K |
||
| 100 | 1 |
_aHaggard, H. Rider _9146 _d1856-1925 _q(Henry Rider), |
|
| 245 | 0 |
_aKing Solomon`s Mines / _cH Rider Haggard |
|
| 260 |
_bLongmans, _c1966. _aLondon: |
||
| 300 | _a211p | ||
| 650 | _aEnglish General | ||
| 942 |
_cBK _2ddc _h823.8 _iHAG/K _k823.8 _mHAG/K |
||